Analytic geometry / (Record no. 1577)
[ view plain ]
| 000 -LEADER | |
|---|---|
| fixed length control field | 00576nam a22001937a 4500 |
| 005 - DATE AND TIME OF LATEST TRANSACTION | |
| control field | 20230303082626.0 |
| 008 - FIXED-LENGTH DATA ELEMENTS--GENERAL INFORMATION | |
| fixed length control field | 230303b |||||||| |||| 00| 0 eng d |
| 020 ## - INTERNATIONAL STANDARD BOOK NUMBER | |
| International Standard Book Number | 971-1055-09-0 |
| 082 ## - DEWEY DECIMAL CLASSIFICATION NUMBER | |
| Classification number | 516.3 L897 1968 |
| 100 ## - MAIN ENTRY--PERSONAL NAME | |
| Personal name | Love, Clyde E. |
| Relator term | author |
| 245 ## - TITLE STATEMENT | |
| Title | Analytic geometry / |
| Statement of responsibility, etc. | Clyde E. Love, Earl D. Rainville |
| 250 ## - EDITION STATEMENT | |
| Edition statement | 5th ed. |
| 260 ## - PUBLICATION, DISTRIBUTION, ETC. | |
| Place of publication, distribution, etc. | New York: |
| Name of publisher, distributor, etc. | The Mcnillan, |
| Date of publication, distribution, etc. | c1968. |
| 300 ## - PHYSICAL DESCRIPTION | |
| Extent | xiv, 302p. |
| 504 ## - BIBLIOGRAPHY, ETC. NOTE | |
| Bibliography, etc. note | Includes index |
| 541 ## - IMMEDIATE SOURCE OF ACQUISITION NOTE | |
| Accession number | 1573 c.1, 1576 c.2, 1577 c.3, 1578 c.4 |
| 650 ## - SUBJECT ADDED ENTRY--TOPICAL TERM | |
| Topical term or geographic name entry element | Analytic geometry |
| 700 ## - ADDED ENTRY--PERSONAL NAME | |
| Personal name | Rainville, Earl D. |
| Relator term | author |
| Withdrawn status | Lost status | Source of classification or shelving scheme | Damaged status | Not for loan | Home library | Current library | Date acquired | Total Checkouts | Full call number | Barcode | Date last seen | Copy number | Price effective from | Koha item type |
|---|---|---|---|---|---|---|---|---|---|---|---|---|---|---|
| Dewey Decimal Classification | ctu-moalboal | ctu-moalboal | 06/13/2011 | 516.3 L897 1968 | 1573 | 03/03/2023 | 1 | 03/03/2023 | Books-Reference | |||||
| Dewey Decimal Classification | ctu-moalboal | ctu-moalboal | 06/13/2011 | 516.3 L897 1968 | 1576 | 03/03/2023 | 2 | 03/03/2023 | Books-Reference | |||||
| Dewey Decimal Classification | ctu-moalboal | ctu-moalboal | 06/13/2011 | 516.3 L897 1968 | 1577 | 03/03/2023 | 3 | 03/03/2023 | Books-Reference |